Представление документа в формате RUSMARC

ПолеНазваниеЗначение
  Тип записи a
  Библиографический уровень m
001 Контрольный номер RU/REG73/CBS_GRAD/654540929
005 Дата корректировки 20221122154845.9
010 Индекс ISBN __
a ISBN 978-5-465-03743-3
101 Язык документа __
a Язык текста rus
200 Заглавие и сведения об ответственности __
a Заглавие Спящая царевна. Сказки. Баллады
f Первые сведения об ответственности Василий Жуковский; художник З.Ярина
b Общее обозначение материала Текст
203 Вид содержания и тип средства __
a Вид содержания Текст (визуальный) : непосредственный
210 Выходные данные __
a Место издания Москва
c Издательство Омега
d Дата издания 2019
215 Физическое описание __
a Объем 96 с.: ил.
225 Серия __
a Серия Школьная библиотека
610 Ключевые слова __
a Ключевые слова Для детей младшего и среднего школьного возраста
686 Индексы других классификаций __
a Классификационный индекс 84(2 Рос=Рус)
700 Автор __
a Фамилия Жуковский
g Полное личное имя Василий Андреевич
801 Источник записи _0
a Страна RU
b Организация RuCBSGrad
g Правила каталогизации PSBO
801 Источник записи _1
a Страна RU
b Организация RuCBSGrad
g Правила каталогизации PSBO
901 Тип документа __
t Тип документа m
981 __
b i
g e
2 isbdcontent
982 __
b n
2 isbdmedia
993 __
a 19070
b 7963
c 42
e 280872
f ЦГДБ
h 91.00
i 280872
m 1
n 44101.5786
o I
x 1
y 1
z 84(2 Рос=Рус)
993 __
a 19071
b 7963
c 42
e 280873
f ЦГДБ
h 91.00
i 280873
m 1
n 44101.5786
o I
x 1
y 1
z 84(2 Рос=Рус)
993 __
a 19072
b 7963
c 42
e 280874
f ЦГДБ
h 91.00
i 280874
m 1
n 44101.5786
o I
x 1
y 1
z 84(2 Рос=Рус)
993 __
a 19073
b 7963
c 42
e 280875
f ЦГДБ
h 91.00
i 280875
m 1
n 44101.5786
o I
x 1
y 1
z 84(2 Рос=Рус)
993 __
a 19074
b 7963
c 42
e 280876
f ЦГДБ
h 91.00
i 280876
m 1
n 44101.5786
o I
x 1
y 1
z 84(2 Рос=Рус)